书目信息 |
| 题名: |
中文版AutoCAD2000自学通
|
|
| 作者: | 方林 , 赵先春 编著 | |
| 分册: | ||
| 出版信息: | 北京 冶金工业出版社 2000.04 |
|
| 页数: | 441页 | |
| 开本: | 16开 | |
| 丛书名: | ||
| 单 册: | ||
| 中图分类: | TP391.72 | |
| 科图分类: | ||
| 主题词: | 计算机应用 | |
| 电子资源: | ||
| ISBN: | 7-5024-2474-1 | |
| 000 | 00620nam0 2200205 45 | |
| 001 | 0010221635 | |
| 005 | 20001022164740.1 | |
| 010 | @a7-5024-2474-1@d39.80元 | |
| 100 | @a20001022d2000 km y0chiy0120 ea | |
| 101 | 0 | @achi |
| 105 | @a z 000yy | |
| 200 | 1 | @a中文版AutoCAD2000自学通@AZhong Wen Ban AutoCAD2000 Zi Xue Tong@f方林,赵先春编著@FFang Lin,Zhao Xian Chun Bian Zhu |
| 210 | @a北京@c冶金工业出版社@d2000.04 | |
| 215 | @a441页@d16开 | |
| 606 | 0 | @a计算机应用 |
| 690 | @aTP391.72@v3 | |
| 701 | 0 | @a方林@4编著 |
| 701 | 0 | @a赵先春@4编著 |
| 801 | @aCN@bPftUser@c20001022 | |
| 905 | @b183006-010@dTP391.72@eW.479@f5 | |
| 中文版AutoCAD2000自学通/方林,赵先春编著.-北京:冶金工业出版社,2000.04 |
| 441页;16开 |
| ISBN 7-5024-2474-1:39.80元 |
| ● |
| 相关链接 |
|
|
|
正题名:中文版AutoCAD2000自学通
索取号:TP391.72/W.479
 
预约/预借
| 序号 | 登录号 | 条形码 | 馆藏地/架位号 | 状态 | 备注 |
| 1 | 183006 | 201830064 | 自科库301/ [索取号:TP391.72/W.479] | 在馆 | |
| 2 | 183007 | 201830073 | 自科库301/ [索取号:TP391.72/W.479] | 在馆 | |
| 3 | 183008 | 201830082 | 期刊室512/301自科库 111排1列5层/ [索取号:TP391.72/W.479] | 在馆 | |
| 4 | 183009 | 201830091 | 期刊室512/301自科库 111排1列5层/ [索取号:TP391.72/W.479] | 在馆 | |
| 5 | 183010 | 201830108 | 自科库301/ [索取号:TP391.72/W.479] | 在馆 |